000 00511nam a2200145 a 4500
001 000038713
005 20201002031339.0
008 130419s19871987dr 000 0 spa d
040 _aDO-SdBNP
_bspa
_cBNPHU
100 1 _aVincet Cepeda, Rosa Amelia
_965020
245 1 0 _aManual de geografĂ­a general y especial de america /
_cRosa Amelia Cepeda Vincet,.
260 _aSanto Domingo :
_bAmigo del Hogar,
_c1987.
300 _a244 p. ;
_c21 cm.
500 _aIncluye datos biográficos de la autora en la contracubierta
999 _c38203
_d38203